MARC

LEADER 00000nam0a2200000 4500
001 219380
005 20231031195102.0
035 |a (RuTPU)RU\TPU\book\239430 
090 |a 219380 
100 |a 20120705d1924 km y0rusy50 ca 
101 0 |a rus 
102 |a RU 
105 |a a z 000zy 
200 1 |a Месторождения радиоактивных руд и минералов Ферганы и задачи их дальнейшего исследования  |f Д. И. Щербаков 
210 |a Ленинград  |c Изд-во РАН  |d 1924 
215 |a 58 с.  |c ил. 
225 1 |a Материалы для изучения естественных производительных сил России,издаваемые Комиссией при Российской Академии наук  |v № 47 
610 1 |a геология 
610 1 |a полезные ископаемые 
610 1 |a месторождения 
610 1 |a радиоактивные руды 
610 1 |a радиоактивные минералы 
610 1 |a геологические изыскания 
610 1 |a геологические исследования 
610 1 |a Средняя Азия 
610 1 |a Фергана 
675 |a 553.495  |v 3 
700 1 |a Щербаков  |b Д. И. 
801 1 |a RU  |b 63413507  |c 20120705 
801 2 |a RU  |b 63413507  |c 20121030  |g RCR 
942 |c BK